The travel book : a journey through every country in the world (Record no. 86428)

MARC details
000 -LEADER
fixed length control field 00849 a2200277 4500
003 - CONTROL NUMBER IDENTIFIER
control field CBULib
005 - DATE AND TIME OF LATEST TRANSACTION
control field 20251028092844.0
008 - FIXED-LENGTH DATA ELEMENTS--GENERAL INFORMATION
fixed length control field 251028b |||||||| |||| 00| 0 eng d
020 ## - INTERNATIONAL STANDARD BOOK NUMBER
International Standard Book Number 9781787017634
040 ## - CATALOGING SOURCE
Language of cataloging English
Transcribing agency CBULib
Description conventions rda
041 ## - LANGUAGE CODE
Language code of text/sound track or separate title eng
050 ## - LIBRARY OF CONGRESS CALL NUMBER
Classification number G 151 Bai
100 ## - MAIN ENTRY--PERSONAL NAME
Personal name Bain, Carolyn
9 (RLIN) 4964
245 ## - TITLE STATEMENT
Title The travel book : a journey through every country in the world
Statement of responsibility, etc / by Carolyn Bain; Joe Bindloss and Celeste Brash
260 ## - PUBLICATION, DISTRIBUTION, ETC. (IMPRINT)
Name of publisher, distributor, etc Lonely Planet,
Date of publication, distribution, etc 2018
Place of publication, distribution, etc Dublin :
300 ## - PHYSICAL DESCRIPTION
Extent 447 pages : illustrations
336 ## - CONTENT TYPE
Source rdacontent
Content type term Text |
Content type code txt
337 ## - MEDIA TYPE
Source rdamedia
Media type term Unmediated |
Media type code n
338 ## - CARRIER TYPE
Source rdacarrier
Carrier type term Volume
Carrier type code nc
650 #0 - SUBJECT ADDED ENTRY--TOPICAL TERM
Topical term or geographic name as entry element TRAVEL
9 (RLIN) 4965
650 #0 - SUBJECT ADDED ENTRY--TOPICAL TERM
Topical term or geographic name as entry element GUIDEBOOKS
9 (RLIN) 4966
700 ## - ADDED ENTRY--PERSONAL NAME
9 (RLIN) 4967
Personal name Hutchinson, Corey
700 ## - ADDED ENTRY--PERSONAL NAME
9 (RLIN) 4968
Personal name Lyall, Alison
700 ## - ADDED ENTRY--PERSONAL NAME
9 (RLIN) 4969
Personal name Phelan, Anthony
942 ## - ADDED ENTRY ELEMENTS (KOHA)
Source of classification or shelving scheme
Koha item type MONOGRAPH
Holdings
Withdrawn status Lost status Source of classification or shelving scheme Damaged status Not for loan Collection code Permanent Location Current Location Shelving location Date acquired Source of acquisition Cost, normal purchase price Total Checkouts Full call number Barcode Date last seen Copy number Price effective from Koha item type
          CBU-Lusaka Campus CBU- LUSAKA CAMPUS CBU- LUSAKA CAMPUS General Stacks 01/08/2026 BOOK AID INTERNATIONAL 30.00   G 151 Bai 753895 01/08/2026 3 11/19/2025 MONOGRAPH
          CBU-Lusaka Campus CBU- LUSAKA CAMPUS CBU- LUSAKA CAMPUS General Stacks 01/08/2026 BOOK AID INTERNATIONAL 30.00   G 151 Bai 753896 01/08/2026 4 11/19/2025 MONOGRAPH
          Main Library Open Access Collection CBU-MAIN LIBRARY, KITWE. CBU-MAIN LIBRARY, KITWE. General Stacks 10/28/2025 DON-BOOKAID 30.00   G 151 Bai 753681 10/28/2025 1 10/28/2025 MONOGRAPH
          Main Library Open Access Collection CBU-MAIN LIBRARY, KITWE. CBU-MAIN LIBRARY, KITWE. General Stacks 10/28/2025 DON-BOOKAID 30.00   G 151 Bai 753682 10/28/2025 2 10/28/2025 MONOGRAPH
          Michael Chilufya Sata Collection CBU-MICHAEL CHILUFYA SATA LIBRARY CBU-MICHAEL CHILUFYA SATA LIBRARY General Stacks 02/10/2026 Book Aid International 30.00   G 151 Bai 934256 02/10/2026 6 10/21/2025 MONOGRAPH
          Medical Library Collection CBU-SCHOOL OF MEDICINE LIBRARY, NDOLA. CBU-SCHOOL OF MEDICINE LIBRARY, NDOLA. General Stacks 02/10/2026 Book Aid International 30.00   G 151 Bai 934255 02/10/2026 5 10/21/2025 MONOGRAPH